| 000 | 01231nam a2200229Ia 4500 | ||
|---|---|---|---|
| 003 | Ost | ||
| 005 | 20260507075303.0 | ||
| 008 | 260507s9999||||xx |||||||||||||| ||und|| | ||
| 040 | _cfsecg | ||
| 041 | _aara | ||
| 082 | _a330 | ||
| 100 |
_aخريوش، حسني علي _eمؤلف |
||
| 245 | 0 |
_aإدارة المحافظ الاستثمارية / _c حسني علي خريوش |
|
| 260 |
_aعمان: _bدار زهران, _c2012 |
||
| 300 |
_a265 صفحة؛ _bإيضاحات ؛ _c24 سم |
||
| 520 | _aالمفاهيم العامة للمحفظة الاستثمارية ، الاوراق المالية المتداولة في أسواق النقد و المتداولة في أسواق رأس المال الفورية ، مفهوم العوائد و المخاطر و أنواعها ، ادارة المحافظ الاستثمارية ، بورصات الأوراق المالية و بعض أزمات المالية الدولية : كيوم الاثنين الأسود و أزمة سوق المناخ الكويتي. | ||
| 653 | _aالادارة | ||
| 653 | _aالإستثمار | ||
| 653 | _aالاوراق النقدية | ||
| 700 |
_aارشيد، عبد المعطي رضا _eمؤلف ثانوي |
||
| 942 | _cكتاب | ||
| 999 |
_c43798 _d43798 |
||